| 000 | 01552nam0a2200349 4500 | ||
|---|---|---|---|
| 001 | RU\NLR\BIBL_A\022750296 | ||
| 005 | 20260503064437.0 | ||
| 010 |
_a978-5-17-179873-4 _93000 |
||
| 021 |
_aRU _bКН-П-26-000938 _9КН-П-26-0093 |
||
| 035 | _a(NLR Aleph) 022750296 | ||
| 090 |
_a13699976 _c13699976 |
||
| 100 | _a20260311d2026 u y0rusy50 ca | ||
| 101 | 1 |
_arus _ceng |
|
| 102 | _aRU | ||
| 105 | _ay z 000ay | ||
| 181 | 0 |
_ai _baxxe |
|
| 182 | 0 | _an | |
| 200 | 1 |
_aСухая рука _e[сборник рассказов] _eперевод с английского _fТомас Гарди |
|
| 203 |
_aТекст _bвизуальный _cнепосредственный |
||
| 210 |
_aМосква _cАСТ _d2026 (печ. 2025) |
||
| 215 |
_a382, [1] с. _d21 |
||
| 225 | 1 | _aВикторианский бестселлер | |
| 320 | _aДругие кн. авт. на задней сторонке переплёта | ||
| 327 | 1 | _aСодерж.: Проповедник в смятении ; Земляки ; Предания 1804 года ; Три незнакомца ; Незваные гости ; Сухая рука ; Грустный гусар из немецкого легиона ; Женщина с богатым воображением | |
| 333 | _a12+ | ||
| 686 | 1 | _aШ6(4Вл)57-440.4{Лх1297-45} | |
| 700 | 1 |
_7ca _8rus _aХарди _bТ. _f1840-1928 _gТомас _912755 _3RU\NLR\AUTH\7729727 |
|
| 942 | _cBOOK | ||
| 980 | _aNB | ||